Normal view
MARC view
- Adkins, Hearther, Betsy Beyer, Paul Blankinship, Piotre Lewandowski, Ana Oprea, Adam Stubblefield
Entry Personal Name
001 - CONTROL NUMBER
- control field: 6651
003 - CONTROL NUMBER IDENTIFIER
- control field: JO-AjAnu
005 - DATE AND TIME OF LATEST TRANSACTION
- control field: 20230606071358.0
008 - FIXED-LENGTH DATA ELEMENTS
- fixed length control field: 230606|| aca||aabn | a|a d
040 ## - CATALOGING SOURCE
- Original cataloging agency: JO-AjAnu
- Transcribing agency: JO-AjAnu
100 ## - HEADING--PERSONAL NAME
- Personal name: Adkins, Hearther, Betsy Beyer, Paul Blankinship, Piotre Lewandowski, Ana Oprea, Adam Stubblefield
670 ## - SOURCE DATA FOUND
- Source citation: Work cat.: (JO-AjAnu)3446: Adkins, Hearther, Betsy Beyer, Paul Blankinship, Piotre Lewandowski, Ana Oprea, Adam Stubblefield , author, Building Secure & Reliable Systems: Best Practices for Designing, Implementing, and Maintaining Systems